2000's #1 to Singer - Statistics

General Stats
  • This quiz has been taken 106 times
  • The average score is 21 of 30
Answer Stats
Year Song Singer % Correct
2008 I Kissed A Girl Katy Perry
97%
2009 Poker Face Lady Gaga
97%
2006 Hips Don't Lie Shakira
96%
2003 Crazy In Love Beyonce
93%
2007 Umbrella Rihanna
92%
2005 Hollaback Girl Gwen Stefani
89%
2006 SexyBack Justin Timberlake
89%
2003 In Da Club 50 Cent
87%
2002 Lose Yourself Eminem
87%
2009 Empire State of Mind Jay Z
86%
2005 Gold Digger Kanye West
86%
2009 Boom Boom Pow The Black Eyed Peas
86%
2008 Live Your Life T.I.
80%
2004 Yeah! Usher
80%
2001 It Wasn't Me Shaggy
76%
2007 No One Alicia Keys
75%
2008 Bleeding Love Leona Lewis
70%
2006 Promiscuous Nelly Furtado
70%
2007 Girlfriend Avril Lavigne
64%
2004 Drop It Like It's Hot Snoop Dogg
64%
2000 What A Girl Wants Christina Aguilera
63%
2005 We Belong Together Mariah Carey
62%
2000 Maria Maria Santana
49%
2001 I'm Real Jennifer Lopez
46%
2002 Foolish Ashanti
39%
2004 Goodies Ciara
37%
2000 Try Again Aaliyah
36%
2003 Get Busy Sean Paul
34%
2001 All For You Janet Jackson
29%
2002 Always On Time Ja Rule
29%
No matching quizzes found
Score Distribution
Percent of People with Each Score
Percentile by Number Answered
Your Score History
You have not taken this quiz